Entrances to Dylan Thomas' poetry.

Bibliographic Details
Main Author: Maud, Ralph
Format: Book
Language:English
Published: [Pittsburgh] : University of Pittsburgh Press, [1963]
Series:Critical essays in modern literature.
Subjects:

MARC

Tag First Indicator Second Indicator Subfields
LEADER 00000cam a22000001 4500
001 in00000030538
005 20151007061632.0
008 720420s1963 pau b 00000 eng
010 |a  63013490  
035 |a (OCoLC)00607481 
035 |9 AAD2634AM 
040 |a DLC  |c DLC  |d TXA  |d UtOrBLW 
049 |a TXAM  |c [366139] 
050 0 0 |a PR6039.H52  |b Z77 
082 0 |a 821.912 
092 |a 821  |b T455Ym 
100 1 |a Maud, Ralph. 
245 1 0 |a Entrances to Dylan Thomas' poetry. 
264 1 |a [Pittsburgh] :  |b University of Pittsburgh Press,  |c [1963] 
300 |a ix, 175 pages ;  |c 20 cm. 
336 |a text  |b txt  |2 rdacontent 
337 |a unmediated  |b n  |2 rdamedia 
338 |a volume  |b nc  |2 rdacarrier 
490 1 |a Critical essays in modern literature 
504 |a Bibliographical references included in "Notes" (pages 157-172). 
600 1 0 |a Thomas, Dylan,  |d 1914-1953. 
830 0 |a Critical essays in modern literature. 
999 |a MARS 
999 f f |s be726c66-9b85-37d5-89f3-fd698ce5b318  |i 154b0d40-8836-3b2a-bcda-fbadc3877c65  |t 0 
952 f f |p ric  |a Texas A&M University  |b Rellis Campus  |c Joint Library Facility  |d Remote Storage  |t 0  |e PR6039.H52 Z77  |h Library of Congress classification  |i unmediated -- volume  |m A14801287424 
998 f f |a PR6039.H52 Z77  |t 0  |l Remote Storage